<?xml version="1.0" encoding="UTF-8"?><?xml-stylesheet type="text/xsl" href="static/style.xsl"?><OAI-PMH xmlns="http://www.openarchives.org/OAI/2.0/" xmlns:xsi="http://www.w3.org/2001/XMLSchema-instance" xsi:schemaLocation="http://www.openarchives.org/OAI/2.0/ http://www.openarchives.org/OAI/2.0/OAI-PMH.xsd"><responseDate>2026-04-13T02:31:36Z</responseDate><request verb="GetRecord" identifier="oai:www.recercat.cat:2117/356122" metadataPrefix="marc">https://recercat.cat/oai/request</request><GetRecord><record><header><identifier>oai:recercat.cat:2117/356122</identifier><datestamp>2026-01-16T10:01:08Z</datestamp><setSpec>com_2072_1033</setSpec><setSpec>col_2072_452950</setSpec></header><metadata><record xmlns="http://www.loc.gov/MARC21/slim" xmlns:dcterms="http://purl.org/dc/terms/" xmlns:xsi="http://www.w3.org/2001/XMLSchema-instance" xmlns:doc="http://www.lyncode.com/xoai" xsi:schemaLocation="http://www.loc.gov/MARC21/slim http://www.loc.gov/standards/marcxml/schema/MARC21slim.xsd">
   <leader>00925njm 22002777a 4500</leader>
   <datafield ind2=" " ind1=" " tag="042">
      <subfield code="a">dc</subfield>
   </datafield>
   <datafield ind2=" " ind1=" " tag="720">
      <subfield code="a">Oriol López, Roger</subfield>
      <subfield code="e">author</subfield>
   </datafield>
   <datafield ind2=" " ind1=" " tag="720">
      <subfield code="a">Brillas Coso, Enrique</subfield>
      <subfield code="e">author</subfield>
   </datafield>
   <datafield ind2=" " ind1=" " tag="720">
      <subfield code="a">Cabot, Pere-Lluis</subfield>
      <subfield code="e">author</subfield>
   </datafield>
   <datafield ind2=" " ind1=" " tag="720">
      <subfield code="a">Cortina Pallás, José Luis</subfield>
      <subfield code="e">author</subfield>
   </datafield>
   <datafield ind2=" " ind1=" " tag="720">
      <subfield code="a">Sirés Sadornil, Ignasi</subfield>
      <subfield code="e">author</subfield>
   </datafield>
   <datafield ind2=" " ind1=" " tag="260">
      <subfield code="c">2021-07-01</subfield>
   </datafield>
   <datafield ind2=" " ind1=" " tag="520">
      <subfield code="a">Groundwater is one of the main freshwater resources on Earth, but its contamination with NO3- and pesticides jeopardizes its viability as a source of drinking water. In this work, a detailed study of single electro-oxidation (EO) and electrodenitrification and paired EO/electrodenitrification processes has been undertaken with simulated and actual groundwater matrices containing 100 mg dm-3 NO3- and/or 5 mg dm-3 terbuthylazine pesticide. Galvanostatic electrolyses were made with 500 cm3 of solutions at pH 4.0-10.5 and 250-1000 mA in tank reactors with a RuO2 or boron-doped diamond (BDD) anode and one or two Fe cathodes, all of them in the form of meshes. Most of NO3- removals agreed with a pseudo-first-order kinetics. In Cl--free media, NH4+ predominated as electroreduction product. In chloride media, a greater amount of N-volatiles was determined alongside a slower electrodenitrification, especially with RuO2 due to the partial re-oxidation of electroreduction products like NH4+ by active chlorine. The pesticide decays were also fitted to a pseudo-first order kinetics, and its presence led to a smaller release of N-volatiles. Overall, BDD always favored the pesticide degradation thanks to the action of BDD(&#xd;
&#xd;
OH), whereas RuO2 was preferred for electrodenitrification under some conditions. The EO/electrodenitrification of groundwater was successful once the matrix was softened to minimize its hardness. The NO3- concentration was reduced below the limit established by the WHO. Overall, the BDD/Fe cell was more suitable than the RuO2/Fe cell because it accelerated the pesticide removal with a simultaneous high degree of NO3- electroreduction. However, it produced toxic chlorate and perchlorate. A final post-treatment with an anion exchange resin ensured a significant removal of both ions, thus increasing the viability of the electrochemical approach to treat this type of water. Chromatographic analyses revealed the formation of ten heteroaromatic products like desethyl-terbuthylazine and cyanuric acid, alongside oxalic and oxamic as final short-chain carboxylic acids.</subfield>
   </datafield>
   <datafield ind2=" " ind1=" " tag="520">
      <subfield code="a">Peer Reviewed</subfield>
   </datafield>
   <datafield ind2=" " ind1=" " tag="520">
      <subfield code="a">Postprint (author's final draft)</subfield>
   </datafield>
   <datafield tag="653" ind2=" " ind1=" ">
      <subfield code="a">Àrees temàtiques de la UPC::Enginyeria química</subfield>
   </datafield>
   <datafield tag="653" ind2=" " ind1=" ">
      <subfield code="a">Electrochemistry</subfield>
   </datafield>
   <datafield tag="653" ind2=" " ind1=" ">
      <subfield code="a">Boron-doped diamond anode</subfield>
   </datafield>
   <datafield tag="653" ind2=" " ind1=" ">
      <subfield code="a">Electrochemical oxidation</subfield>
   </datafield>
   <datafield tag="653" ind2=" " ind1=" ">
      <subfield code="a">Electrodenitrification</subfield>
   </datafield>
   <datafield tag="653" ind2=" " ind1=" ">
      <subfield code="a">Groundwater</subfield>
   </datafield>
   <datafield tag="653" ind2=" " ind1=" ">
      <subfield code="a">Iron cathode</subfield>
   </datafield>
   <datafield tag="653" ind2=" " ind1=" ">
      <subfield code="a">Electroquímica</subfield>
   </datafield>
   <datafield ind2="0" ind1="0" tag="245">
      <subfield code="a">Paired electrochemical removal of nitrate and terbuthylazine pesticide from groundwater using mesh electrodes</subfield>
   </datafield>
</record></metadata></record></GetRecord></OAI-PMH>